Mighty-one the wizard and other stories

Bibliographic Details
Main Author: Blyton, Enid
Corporate Author: Title
Format: Book
Published: London : Award Publications Limited , 2007
Subjects:

MARC

LEADER 00000cam a2200000 7i4500
001 0000001772
005 20151222.0
008 070709
020 |a 1841352144 
090 0 0 |a JF   |b ENG 
100 1 |a Blyton, Enid 
245 1 0 |a Mighty-one the wizard and other stories   |c Enid Blyton 
260 |a London :   |b Award Publications Limited ,   |c 2007 
500 |a Children ages 10-12 years old (pink) 
650 0 |a Fairy tale 
650 0 |a Junior fiction   |x English   |x Languages 
710 0 |a Title 
999 |a 0000961414   |b Book   |c Children Collection   |e Cawangan Batu Pahat 
999 |a 0000961415   |b Book   |c Children Collection   |e Cawangan Tmn. Ungku Tun Aminah 
999 |a 0000961416   |b Book   |c Children Collection   |e Cawangan Muar 
999 |a 0000961417   |b Book   |c Teenagers   |e Cawangan Bandar Tenggara 
999 |a 0000961418   |b Book   |c Children Collection   |e Cawangan Tangkak 
999 |a 0000964982   |b Book   |c Children Collection   |e Cawangan Batu Pahat 
999 |a 0009964881   |b Book   |c Children Collection   |e Cawangan Bukit Gambir